| 000 | 01069nam a2200265 a 4500 | ||
|---|---|---|---|
| 001 | 000017001 | ||
| 003 | DO-SdBNP | ||
| 005 | 20250207100736.0 | ||
| 007 | ta | ||
| 008 | 100312s19uu dr b 000 0 spa d | ||
| 040 |
_aDO-SdBNP _bspa _cBNPHU _erda |
||
| 082 |
_axxx _bR426p _222 |
||
| 110 |
_aRepública Dominicana _bSecretaría de Estado de Educación, Bellas Artes y Cultos _bDirección General de Educación de Adultos _937553 |
||
| 245 | 1 | 0 |
_aPlan nacional de alfabetización y educación de adultos / _cnotas preliminar, Felix Adam. |
| 264 | 1 |
_aSanto Domingo : _bSecretaría de Estado de Educación, Bellas Artes y Cultos, _c190?. |
|
| 300 |
_a70 páginas : _bmapas ; _c24 cm. |
||
| 336 |
_atexto _btxt _2rdacontent |
||
| 337 |
_asin mediación _bn _2rdamedia |
||
| 338 |
_avolumen _bnc _2rdacarrier |
||
| 500 | _aIncluye referencias bibliográficas y notas al pie de las páginas | ||
| 650 | 4 |
_aAlfabetización de adultos _zRepública Dominicana _937554 |
|
| 650 | 4 |
_aEducación de adultos _91419 |
|
| 700 | 1 |
_aAdam, Felix, _4not. _enotas _937555 |
|
| 942 |
_2ddc _cLBS1 |
||
| 999 |
_c16529 _d16529 |
||